00863nam a22002537a 45000010005000000030006000050050017000110080041000280200015000690400023000840500016001070820011001231000019001342450079001532500041002322600035002733000023003085050007003315200175003385210018005135210018005316500030005496500030005797193FISKH20250702095713.0250702b cb ||||| |||| 00| 0 eng d a059025071x aDLCcDLCdDLCbeng a PZ7.S97 A4 a813.54 aSuzanne, Jamie10aAgainst the rules /cWritten by Jamie Suzanne ; Created by Francine Pascal aThis edition first published in 1998 aNew York :bScholastic,c1998. a104 pages :c20 cm aR  aElizabeth collaborates on a school play with her friend Sophia Rizzo, even though her parents tell her to stay away from Sophia, whose brother has been in reform school. 8 a690 bLexile 8 aR bRaz-Plus  2Sweet ValleyaTeen Series 2FictionaMedium paperback